000 00449nam a2200169 4500
001 23919
005 20230410105255.0
008 060907n1984 dr spa
020 _a0292703694
035 _9funglode24092
041 _aEN
050 1 4 _aUF 533 K63a 1984
100 _aKlare, Michael T.
245 1 _aAmerican arms supermarket /
_cMichael T. Klare
260 _aAustin :
_bUniversity of Texas Press,
_c1984
942 _2lcc
_cbk
999 _c33409
_d33409